书目信息 |
| 题名: |
盆景制作与养护
|
|
| 作者: | 苏本一 主编 | |
| 分册: | ||
| 出版信息: | 北京 中国农业出版社 2004 |
|
| 页数: | 98页 | |
| 开本: | 21cm | |
| 丛书名: | 《中国花卉盆景》精粹丛书 | |
| 单 册: | ||
| 中图分类: | S688.1 | |
| 科图分类: | ||
| 主题词: | 盆景--观赏园艺 | |
| 电子资源: | ||
| ISBN: | 7-109-08910-X | |
| 000 | 00776nam0 2200241 450 | |
| 001 | TS2006029546 | |
| 005 | 20061205143725.68 | |
| 010 | @a7-109-08910-X@dCNY19.80 | |
| 100 | @a20060829d2004 em y0chiy0110 ea | |
| 101 | 0 | @achi |
| 102 | @aCN@b110000 | |
| 105 | @aa z 000yy | |
| 200 | 1 | @a盆景制作与养护@APen Jing Zhi Zuo Yu Yang Hu@f苏本一主编@FSu Ben Yi Zhu Bian |
| 210 | @a北京@c中国农业出版社@d2004 | |
| 215 | @a98页@c照片@d21cm | |
| 225 | 2 | @a《中国花卉盆景》精粹丛书 |
| 330 | @a该书选择了一些实例,图文并茂地介绍了常见的一些盆景的制作方法和管理养护技术要领。 | |
| 410 | 0 | @12001 @a《中国花卉盆景》精粹丛书 |
| 606 | 0 | @a盆景@x观赏园艺 |
| 690 | @aS688.1@v4 | |
| 701 | 0 | @a苏本一@ASu Ben Yi@4主编 |
| 801 | 0 | @aCN@b中图数据@c20061205 |
| 905 | @a10447@dS688.1@e139 | |
| 盆景制作与养护/苏本一主编.-北京:中国农业出版社,2004 |
| 98页:照片;21cm.-(《中国花卉盆景》精粹丛书) |
| ISBN 7-109-08910-X:CNY19.80 |
| 该书选择了一些实例,图文并茂地介绍了常见的一些盆景的制作方法和管理养护技术要领。 |
| ● |
| 相关链接 |
|
|
|
|
正题名:盆景制作与养护
索取号:S688.1/139
 
预约/预借
| 序号 | 登录号 | 条形码 | 馆藏地/架位号 | 状态 | 备注 |
| 1 | 0603487 | 206034879 | 第二样本阅览室/ [索取号:S688.1/139] | 在馆 | |
| 2 | 0603488 | 206034888 | 第三借阅区/ [索取号:S688.1/139] | 在馆 | |
| 3 | 0603489 | 206034897 | 第三借阅区/ [索取号:S688.1/139] | 在馆 |